|
|
|
|
| LEADER |
00000nab a2200000 a 4500 |
| 001 |
vtls000228616 |
| 003 |
SK-MaSNL |
| 005 |
20260304001108.0 |
| 008 |
111130c1985 xo 0 slo |
| 015 |
|
|
|a SNBRB19rr/mm-uuuuu
|
| 035 |
|
|
|a CL0238730
|
| 040 |
|
|
|a SNKBUCL
|b slo
|c SNKBUCL
|e AACR2
|
| 041 |
0 |
|
|a slo
|
| 044 |
|
|
|a xo
|c SK
|
| 080 |
|
|
|a 82:061.3
|2 1981
|
| 080 |
|
|
|a 061.3
|2 1981
|
| 080 |
|
|
|a 820/899 (100-11)
|2 1981
|
| 100 |
1 |
|
|a Jurík, Ľuboš,
|d 1947-2021
|4 aut
|9 98669
|
| 245 |
1 |
0 |
|a Zodpovednosť literatúry
|b Stretnutie mladých spisovateľov socialistických krajín
|c Ľuboš Jurík
|
| 300 |
|
|
|b Nedeľa, príloha Nového slova, č. 42, s. /4/.
|
| 650 |
0 |
7 |
|a spisovatelia mladí
|2 snkbucl
|9 928748
|
| 655 |
|
7 |
|a články z novín a časopisov
|2 snkbucl
|9 267496
|
| 655 |
|
7 |
|a články z odboru literárna veda a krásna literatúra
|2 snkbucl
|9 770045
|
| 773 |
0 |
|
|t Nové slovo
|g Roč. 27, č. 42 (1985)
|
| 850 |
|
|
|a Slovenská národná knižnica v Martine
|a MTA001
|
| 852 |
|
|
|a SNK
|b KIS3GCP
|
| 958 |
|
|
|a RK
|
| 958 |
|
|
|a LX
|
| 992 |
|
|
|a RBX
|
| 999 |
|
|
|c 2534586
|d 2536516
|